Gap-fill on Ainsworth's Strange Situation (1970 - Statistics

General Stats
  • This quiz has been taken 3 times
  • The average score is 17 of 30
Answer Stats
Questions Answer % Correct
7
100%
Insecure - [___] attachment (type A) was the second most common at [__]%. For separation anxiety, children showed [__] visible distress. For stranger anxiety, they were [__] with the stranger and played [n__]. When reunited with their mother, they showed [___] interest. avoidant
100%
Mary Ainsworth created a [c__] observation to measure children's quality and [t__] of attachment. There are [_] stages controlled
100%
leaves
100%
no
100%
Insecure - [___] attachment (type C) was the least common at [__]%. For separation anxiety, children showed [i__] distress. For stranger anxiety, they [a__] and [f__] the stranger. When reunited with their mother, they would [s__] comfort, but then [r__] contact. resistant
100%
reunion
100%
reunion
100%
The results show that [___] attachment (type B) is the most common at [__]%. Children with this type show [m__] distress during separation anxiety. For stranger anxiety, children were [a__] when they were alone, but [f__] when their mother was present. Their reunion behaviour was [c__] and [h__]. secure
100%
separation
100%
Stage 1: Mother and baby enter the room. Stage 2: [s__] joins them. Stage 3: Mother [l__] and stranger interacts with infant, and at this point [st__] anxiety is recorded. Stage 4: Mother returns and [r__] behaviour is recorded. Stage 5: Mother and stranger leave and [se__] anxiety is recorded. Stage 6: Stranger returns and [st__] anxiety is recorded again. Stage 7: Mother returns and stranger leaves, and [r__] behaviour is recorded again. stranger
100%
stranger
100%
stranger
100%
type
100%
intense
50%
little
50%
moderate
50%
ok
50%
seek
50%
12
0%
22
0%
66
0%
avoidant
0%
avoided
0%
comforted
0%
feared
0%
friendly
0%
happy
0%
normally
0%
resist
0%
No matching quizzes found
Score Distribution
Percent of People with Each Score
Percentile by Number Answered
Your Score History
You have not taken this quiz